Normal view MARC view

Entry Topical Term

Number of records used in: 2

001 - CONTROL NUMBER

  • control field: 621

003 - CONTROL NUMBER IDENTIFIER

  • control field: 0

005 - DATE AND TIME OF LATEST TRANSACTION

  • control field: 20111013144525.0

008 - FIXED-LENGTH DATA ELEMENTS

  • fixed length control field: 111013|||a|||||| | ||| d

040 ## - CATALOGING SOURCE

  • Original cataloging agency: 0
  • Transcribing agency: 0

150 ## - HEADING--TOPICAL TERM

  • Topical term or geographic name as entry element: System engineering

670 ## - SOURCE DATA FOUND

  • Source citation: Work cat.: (0): Friedential,Sanford 620, A -practical guide to SYSML : the systems modeling Language, 2008
@ Jomo Kenyatta University Of Agriculture and Technology Library

Powered by Koha